[Event "DEM U16w 2019"]
[Site "Willingen GER"]
[Date "2019.06.11"]
[Round "4"]
[White "Genova, Magdalina"]
[Black "Jacoby, Angelina"]
[Result "0-1"]
[Termination "normal"]
[Board "13"]
[WhiteElo "1421"]
[BlackElo "1412"]
[WhiteClock "00:00:38"]
[BlackClock "00:24:44"]
[PlyCount "94"]
[WhiteFideId "2919753"]
[BlackFideId "12999008"]
[EventCountry "GER"]
[EventRounds "9"]
[EventType "swiss"]
[EventDate "2019.06.08"]

1. c4 {[%clk 1:30:56]} 1... e6 {[%clk 1:30:51]} 2. Nc3 {[%clk 1:30:52]} 2... d5
{[%clk 1:31:04]} 3. cxd5 {[%clk 1:30:30]} 3... exd5 {[%clk 1:31:28]} 4. d4 {
[%clk 1:29:43]} 4... c6 {[%clk 1:31:23]} 5. Nf3 {[%clk 1:24:35]} 5... Bd6 {
[%clk 1:28:43]} 6. e3 {[%clk 1:20:23]} 6... Nf6 {[%clk 1:26:34]} 7. Bd3 { [%clk
1:19:53]} 7... Nbd7 {[%clk 1:24:06]} 8. O-O {[%clk 1:16:34]} 8... O-O { [%clk
1:24:06]} 9. Rb1 {[%clk 1:15:22]} 9... a5 {[%clk 1:23:18]} 10. a3 { [%clk
1:13:16]} 10... Re8 {[%clk 1:21:50]} 11. Qc2 {[%clk 1:12:34]} 11... Nf8 { [%clk
1:21:09]} 12. b4 {[%clk 1:11:42]} 12... Qc7 {[%clk 1:17:50]} 13. h3 { [%clk
1:05:16]} 13... Ng6 {[%clk 1:11:48]} 14. b5 {[%clk 1:00:08]} 14... Be6 { [%clk
1:11:19]} 15. Ra1 {[%clk 0:36:06]} 15... Qd7 {[%clk 1:09:00]} 16. Ng5 { [%clk
0:24:50]} 16... Nf8 {[%clk 1:06:02]} 17. bxc6 {[%clk 0:19:37]} 17... bxc6
{[%clk 1:05:21]} 18. Na4 {[%clk 0:17:16]} 18... Qc7 {[%clk 1:01:17]} 19. Nxe6 {
[%clk 0:13:10]} 19... Nxe6 {[%clk 1:01:09]} 20. Nc5 {[%clk 0:12:40]} 20... Nd8
{[%clk 0:46:45]} 21. a4 {[%clk 0:12:33]} 21... Qe7 {[%clk 0:43:04]} 22. Ba3 {
[%clk 0:11:35]} 22... h6 {[%clk 0:42:05]} 23. Be2 {[%clk 0:08:57]} 23... Ne4 {
[%clk 0:31:33]} 24. Qc1 {[%clk 0:03:59]} 24... Nxc5 {[%clk 0:28:03]} 25. Bxc5 {
[%clk 0:04:19]} 25... Bxc5 {[%clk 0:28:21]} 26. Qxc5 {[%clk 0:04:42]} 26...
Qxc5 {[%clk 0:28:43]} 27. dxc5 {[%clk 0:05:10]} 27... Rb8 {[%clk 0:28:47]} 28.
Rab1 {[%clk 0:05:05]} 28... Ne6 {[%clk 0:28:21]} 29. Rxb8 {[%clk 0:05:04]}
29... Rxb8 {[%clk 0:28:45]} 30. Rc1 {[%clk 0:04:14]} 30... Rb4 {[%clk 0:28:08]}
31. Ba6 {[%clk 0:03:22]} 31... Rxa4 {[%clk 0:27:40]} 32. Bb7 {[%clk 0:02:48]}
32... Rc4 {[%clk 0:25:29]} 33. Rxc4 {[%clk 0:02:40]} 33... dxc4 {[%clk 0:25:54]
} 34. Bxc6 {[%clk 0:03:04]} 34... Nxc5 {[%clk 0:26:18]} 35. Kf1 {[%clk 0:00:58]
} 35... a4 {[%clk 0:25:57]} 36. Bd5 {[%clk 0:01:11]} 36... Nb3 {[%clk 0:24:17]}
37. Bxc4 {[%clk 0:00:32]} 37... Nd2+ {[%clk 0:24:32]} 38. Ke1 {[%clk 0:00:46]}
38... Nxc4 {[%clk 0:24:54]} 39. Kd1 {[%clk 0:00:58]} 39... Kf8 {[%clk 0:24:45]}
40. Kc2 {[%clk 0:01:15]} 40... Ke7 {[%clk 0:24:39]} 41. Kc3 {[%clk 0:01:31]}
41... a3 {[%clk 0:24:23]} 42. Kb3 {[%clk 0:01:54]} 42... Kd6 {[%clk 0:24:45]}
43. g3 {[%clk 0:00:33]} 43... Ke5 {[%clk 0:24:12]} 44. f3 {[%clk 0:00:33]}
44... Nxe3 {[%clk 0:24:02]} 45. Kxa3 {[%clk 0:00:49]} 45... Nf1 {[%clk 0:24:14]
} 46. f4+ {[%clk 0:00:46]} 46... Ke4 {[%clk 0:24:25]} 47. g4 {[%clk 0:00:38]}
47... Kxf4 {[%clk 0:24:44]} 0-1

[Event "DEM U16w 2019"]
[Site "Willingen GER"]
[Date "2019.06.12"]
[Round "5"]
[White "Wagner, Victoria"]
[Black "Glinzner, Alva"]
[Result "0-1"]
[Termination "normal"]
[Board "3"]
[WhiteElo "1808"]
[BlackElo "1810"]
[WhiteClock "00:29:34"]
[BlackClock "00:36:05"]
[PlyCount "86"]
[WhiteFideId "16232348"]
[BlackFideId "16206169"]
[EventCountry "GER"]
[EventRounds "9"]
[EventType "swiss"]
[EventDate "2019.06.08"]

1. e4 {[%clk 1:30:59]} 1... c5 {[%clk 1:30:53]} 2. Nf3 {[%clk 1:31:23]} 2... e6
{[%clk 1:31:14]} 3. d4 {[%clk 1:31:48]} 3... cxd4 {[%clk 1:31:36]} 4. Nxd4 {
[%clk 1:32:13]} 4... a6 {[%clk 1:31:58]} 5. Bd3 {[%clk 1:32:22]} 5... Qc7 {
[%clk 1:32:02]} 6. Qe2 {[%clk 1:30:08]} 6... d6 {[%clk 1:31:59]} 7. O-O { [%clk
1:30:03]} 7... Nf6 {[%clk 1:32:10]} 8. c4 {[%clk 1:28:44]} 8... Nbd7 { [%clk
1:32:20]} 9. b3 {[%clk 1:26:40]} 9... b6 {[%clk 1:31:15]} 10. Bb2 { [%clk
1:24:15]} 10... Bb7 {[%clk 1:31:06]} 11. Nd2 {[%clk 1:23:21]} 11... Nc5 { [%clk
1:29:07]} 12. Bc2 {[%clk 1:21:11]} 12... e5 {[%clk 1:22:36]} 13. Nf5 { [%clk
1:04:09]} 13... Ne6 {[%clk 1:19:21]} 14. Ne3 Be7 15. Nd5 {[%clk 1:00:47]} 15...
Nxd5 {[%clk 1:18:56]} 16. exd5 {[%clk 0:56:21]} 16... Nf4 {[%clk 1:14:05] } 17.
Qd1 {[%clk 0:52:24]} 17... O-O {[%clk 1:11:11]} 18. g3 {[%clk 0:52:24]} 18...
Ng6 {[%clk 1:11:11]} 19. h4 {[%clk 0:48:19]} 19... f5 {[%clk 0:54:39]} 20. h5
{[%clk 0:43:53]} 20... Nh8 {[%clk 0:54:50]} 21. f4 {[%clk 0:39:37]} 21... e4
{[%clk 0:48:57]} 22. Rc1 {[%clk 0:24:18]} 22... Bf6 {[%clk 0:46:42]} 23. Bxf6
{[%clk 0:22:35]} 23... Rxf6 {[%clk 0:46:37]} 24. Kg2 {[%clk 0:18:39]} 24... Re8
{[%clk 0:43:38]} 25. Qe2 {[%clk 0:16:57]} 25... g6 {[%clk 0:39:15]} 26. hxg6
{[%clk 0:14:56]} 26... Rxg6 {[%clk 0:37:30]} 27. Rh1 {[%clk 0:12:32]} 27... Qg7
{[%clk 0:37:13]} 28. Qe3 {[%clk 0:12:15]} 28... Qc7 {[%clk 0:26:41]} 29. Rh5
{[%clk 0:10:11]} 29... Bc8 {[%clk 0:26:01]} 30. Rch1 {[%clk 0:09:57]} 30... Rg7
{[%clk 0:25:39]} 31. Kf2 {[%clk 0:08:55]} 31... Ng6 {[%clk 0:23:37]} 32. Nf3
{[%clk 0:07:07]} 32... Ree7 {[%clk 0:16:39]} 33. Ng5 {[%clk 0:07:04]} 33... b5
{[%clk 0:15:20]} 34. Rc1 {[%clk 0:06:10]} 34... Qa5 {[%clk 0:11:08]} 35. Bb1
{[%clk 0:05:45]} 35... bxc4 {[%clk 0:10:07]} 36. bxc4 {[%clk 0:05:13]} 36...
Rb7 {[%clk 0:09:57]} 37. Qe2 {[%clk 0:03:47]} 37... Qa3 {[%clk 0:09:39]} 38.
Rhh1 {[%clk 0:02:05]} 38... h6 {[%clk 0:06:13]} 39. Ne6 {[%clk 0:02:08]} 39...
Bxe6 {[%clk 0:06:27]} 40. dxe6 {[%clk 0:02:33]} 40... Nxf4 41. gxf4 { [%clk
0:00:32]} 41... Qg3+ {[%clk 0:05:14]} 42. Kf1 {[%clk 0:00:35]} 42... Qxf4+
{[%clk 0:05:40]} 43. Ke1 {[%clk 0:29:34]} 43... Qxc1+ {[%clk 0:36:05]} 0-1

[Event "DEM U16w 2019"]
[Site "Willingen GER"]
[Date "2019.06.12"]
[Round "5"]
[White "Basovskiy, Jana"]
[Black "Sokolowski, Judith"]
[Result "1-0"]
[Termination "normal"]
[Board "4"]
[WhiteElo "1761"]
[BlackElo "1749"]
[WhiteClock "00:13:01"]
[BlackClock "00:01:40"]
[PlyCount "79"]
[WhiteFideId "16208617"]
[BlackFideId "16200624"]
[EventCountry "GER"]
[EventRounds "9"]
[EventType "swiss"]
[EventDate "2019.06.08"]

1. e4 {[%clk 1:30:59]} 1... c5 {[%clk 1:30:58]} 2. Nf3 {[%clk 1:31:24]} 2... e6
{[%clk 1:31:22]} 3. d4 {[%clk 1:31:51]} 3... cxd4 {[%clk 1:31:46]} 4. Nxd4 {
[%clk 1:32:18]} 4... Nf6 {[%clk 1:32:09]} 5. Nc3 {[%clk 1:32:45]} 5... Nc6 {
[%clk 1:32:31]} 6. Ndb5 {[%clk 1:32:56]} 6... Bb4 {[%clk 1:32:44]} 7. a3 {
[%clk 1:33:24]} 7... Bxc3+ {[%clk 1:33:05]} 8. Nxc3 {[%clk 1:33:51]} 8... d5 {
[%clk 1:33:23]} 9. exd5 {[%clk 1:34:13]} 9... Nxd5 {[%clk 1:33:41]} 10. Nxd5 {
[%clk 1:34:03]} 10... exd5 {[%clk 1:33:59]} 11. Bd3 {[%clk 1:32:59]} 11... Qe7+
{[%clk 1:33:47]} 12. Qe2 {[%clk 1:32:50]} 12... Qxe2+ {[%clk 1:34:09]} 13. Kxe2
{[%clk 1:31:35]} 13... Ne5 {[%clk 1:33:29]} 14. Bb5+ {[%clk 1:26:34]} 14... Bd7
{[%clk 1:31:35]} 15. Bxd7+ {[%clk 1:26:59]} 15... Kxd7 {[%clk 1:31:10]} 16. Bf4
{[%clk 1:26:13]} 16... Rhe8 {[%clk 1:21:44]} 17. Bxe5 {[%clk 1:16:15]} 17...
Rxe5+ {[%clk 1:21:36]} 18. Kd2 {[%clk 1:10:20]} 18... Rae8 {[%clk 1:19:40]} 19.
Rae1 {[%clk 1:10:43]} 19... Kc6 {[%clk 1:11:33]} 20. Rxe5 {[%clk 1:02:52]}
20... Rxe5 {[%clk 1:11:59]} 21. Re1 {[%clk 0:50:02]} 21... Rxe1 {[%clk 1:00:35]
} 22. Kxe1 {[%clk 0:50:31]} 22... Kc5 {[%clk 1:00:29]} 23. Kd2 {[%clk 0:50:56]}
23... a5 {[%clk 0:30:50]} 24. b3 {[%clk 0:49:47]} 24... b5 {[%clk 0:29:47]} 25.
Kd3 {[%clk 0:49:19]} 25... f5 {[%clk 0:23:38]} 26. c3 {[%clk 0:45:29]} 26... g6
{[%clk 0:10:48]} 27. h4 {[%clk 0:35:39]} 27... Kc6 {[%clk 0:02:25]} 28. b4 {
[%clk 0:29:31]} 28... a4 {[%clk 0:02:22]} 29. Ke3 {[%clk 0:29:29]} 29... Kd7 {
[%clk 0:02:20]} 30. Kf4 {[%clk 0:12:00]} 30... Ke6 {[%clk 0:02:47]} 31. Kg5 {
[%clk 0:11:41]} 31... Kf7 {[%clk 0:01:49]} 32. Kh6 {[%clk 0:11:56]} 32... Kg8 {
[%clk 0:01:24]} 33. f4 {[%clk 0:11:56]} 33... Kh8 {[%clk 0:01:39]} 34. h5 {
[%clk 0:12:03]} 34... gxh5 {[%clk 0:01:39]} 35. Kxh5 {[%clk 0:12:04]} 35... Kg7
{[%clk 0:01:58]} 36. Kg5 {[%clk 0:12:30]} 36... h5 {[%clk 0:01:22]} 37. Kxf5 {
[%clk 0:12:32]} 37... Kh6 {[%clk 0:01:30]} 38. g3 {[%clk 0:12:17]} 38... h4 {
[%clk 0:01:30]} 39. gxh4 {[%clk 0:12:38]} 39... Kh5 {[%clk 0:01:40]} 40. Ke5 {
[%clk 0:13:01]} 1-0

[Event "DEM U16w 2019"]
[Site "Willingen GER"]
[Date "2019.06.12"]
[Round "5"]
[White "Brunner, Sophia"]
[Black "Stowicek, Yara Mathilda"]
[Result "1/2-1/2"]
[Termination "normal"]
[Board "5"]
[WhiteElo "1839"]
[BlackElo "1692"]
[WhiteClock "00:10:46"]
[BlackClock "00:20:11"]
[PlyCount "95"]
[WhiteFideId "12960683"]
[BlackFideId "16203569"]
[EventCountry "GER"]
[EventRounds "9"]
[EventType "swiss"]
[EventDate "2019.06.08"]

1. d4 {[%clk 1:30:58]} 1... Nf6 {[%clk 1:30:55]} 2. Nf3 {[%clk 1:31:21]} 2...
c5 {[%clk 1:31:14]} 3. d5 {[%clk 1:31:19]} 3... e6 {[%clk 1:31:19]} 4. Nc3 {
[%clk 1:31:20]} 4... b5 {[%clk 1:30:37]} 5. dxe6 {[%clk 1:30:07]} 5... fxe6 {
[%clk 1:30:06]} 6. Nxb5 {[%clk 1:29:16]} 6... d5 {[%clk 1:28:23]} 7. c3 { [%clk
1:14:04]} 7... a6 {[%clk 1:24:19]} 8. Na3 {[%clk 1:14:24]} 8... Bd6 { [%clk
1:24:01]} 9. Bg5 {[%clk 1:11:26]} 9... Qb6 {[%clk 1:19:24]} 10. Qb3 { [%clk
1:01:21]} 10... Qa5 {[%clk 1:11:22]} 11. Bxf6 {[%clk 0:50:13]} 11... gxf6
{[%clk 1:11:20]} 12. Qd1 {[%clk 0:50:20]} 12... Bb7 {[%clk 1:05:01]} 13. Nc4 {
[%clk 0:48:38]} 13... Qc7 {[%clk 1:01:07]} 14. Nxd6+ {[%clk 0:48:53]} 14...
Qxd6 {[%clk 1:01:26]} 15. e4 {[%clk 0:44:09]} 15... Nd7 {[%clk 0:54:56]} 16.
exd5 {[%clk 0:41:29]} 16... exd5 {[%clk 0:52:51]} 17. Qd3 {[%clk 0:33:04]}
17... O-O-O {[%clk 0:45:35]} 18. O-O-O {[%clk 0:31:29]} 18... Ne5 { [%clk
0:44:06]} 19. Nxe5 {[%clk 0:29:27]} 19... fxe5 {[%clk 0:44:05]} 20. Be2 { [%clk
0:26:57]} 20... Kc7 {[%clk 0:42:39]} 21. h3 {[%clk 0:19:41]} 21... h6 { [%clk
0:37:34]} 22. Qd2 {[%clk 0:15:49]} 22... Rhg8 {[%clk 0:34:56]} 23. Rhg1 { [%clk
0:15:07]} 23... Qf6 {[%clk 0:32:59]} 24. Bf3 {[%clk 0:09:34]} 24... Rgf8 {[%clk
0:26:35]} 25. Rgf1 {[%clk 0:07:01]} 25... Rg8 {[%clk 0:22:22]} 26. Qe2 { [%clk
0:04:25]} 26... Qg5+ {[%clk 0:18:38]} 27. Qe3 {[%clk 0:03:49]} 27... e4 { [%clk
0:17:44]} 28. Bg4 {[%clk 0:03:12]} 28... h5 {[%clk 0:17:06]} 29. Be6 { [%clk
0:02:45]} 29... Qxe3+ {[%clk 0:14:13]} 30. fxe3 {[%clk 0:02:09]} 30... Rxg2
{[%clk 0:12:47]} 31. Rf5 {[%clk 0:02:24]} 31... Re2 {[%clk 0:11:18]} 32. Bxd5
{[%clk 0:01:53]} 32... Bxd5 {[%clk 0:11:06]} 33. Rdxd5 {[%clk 0:02:18]} 33...
Rg8 {[%clk 0:09:03]} 34. Rg5 {[%clk 0:02:29]} 34... Rf8 {[%clk 0:09:11]} 35.
Rdf5 {[%clk 0:02:51]} 35... Rd8 {[%clk 0:09:23]} 36. Rxc5+ {[%clk 0:02:58]}
36... Kb6 {[%clk 0:09:24]} 37. Rcd5 {[%clk 0:02:38]} 37... Rf8 {[%clk 0:09:28]}
38. Rgf5 {[%clk 0:01:38]} 38... Rg8 {[%clk 0:09:46]} 39. Rd2 {[%clk 0:00:54]}
39... Rxe3 {[%clk 0:07:31]} 40. Rxh5 {[%clk 0:00:43]} 40... Rg6 {[%clk 0:02:54]
} 41. Rhd5 {[%clk 0:18:35]} 41... Kc6 {[%clk 0:30:43]} 42. R5d4 {[%clk 0:17:20]
} 42... Re1+ {[%clk 0:26:01]} 43. Rd1 {[%clk 0:17:11]} 43... Re2 { [%clk
0:25:54]} 44. h4 {[%clk 0:13:36]} 44... e3 {[%clk 0:24:00]} 45. Re4 { [%clk
0:13:03]} 45... Rgg2 {[%clk 0:22:49]} 46. Re6+ {[%clk 0:10:36]} 46... Kc7
{[%clk 0:21:22]} 47. Re7+ {[%clk 0:10:24]} 47... Kc6 {[%clk 0:20:11]} 48. Re6+
{[%clk 0:10:46]} 1/2-1/2

[Event "DEM U16w 2019"]
[Site "Willingen GER"]
[Date "2019.06.12"]
[Round "5"]
[White "Klemke, Kassandra"]
[Black "Zell, Hannah"]
[Result "1-0"]
[Termination "normal"]
[Board "9"]
[WhiteElo "1662"]
[BlackElo "1494"]
[WhiteClock "00:04:15"]
[BlackClock "00:01:49"]
[PlyCount "83"]
[WhiteFideId "16217128"]
[BlackFideId "16208900"]
[EventCountry "GER"]
[EventRounds "9"]
[EventType "swiss"]
[EventDate "2019.06.08"]

1. e4 {[%clk 1:30:58]} 1... e5 {[%clk 1:30:53]} 2. Nf3 {[%clk 1:31:23]} 2...
Nf6 {[%clk 1:31:18]} 3. Nc3 {[%clk 1:31:44]} 3... Bb4 {[%clk 1:31:37]} 4. d3 {
[%clk 1:30:36]} 4... Bxc3+ {[%clk 1:30:45]} 5. bxc3 {[%clk 1:30:55]} 5... Nc6 {
[%clk 1:31:08]} 6. Bg5 {[%clk 1:30:37]} 6... d6 {[%clk 1:29:48]} 7. Be2 { [%clk
1:28:35]} 7... h6 {[%clk 1:25:10]} 8. Bh4 {[%clk 1:28:10]} 8... g5 { [%clk
1:22:55]} 9. Bg3 {[%clk 1:28:11]} 9... b6 {[%clk 1:22:27]} 10. h3 { [%clk
1:24:24]} 10... Bb7 {[%clk 1:21:15]} 11. Nh2 {[%clk 1:20:40]} 11... Qe7 { [%clk
1:19:32]} 12. Ng4 {[%clk 1:17:27]} 12... O-O-O {[%clk 1:18:45]} 13. Ne3 { [%clk
1:08:31]} 13... Qf8 {[%clk 1:06:01]} 14. a4 {[%clk 1:04:46]} 14... a5 { [%clk
0:59:16]} 15. Rb1 {[%clk 1:01:35]} 15... Ne7 {[%clk 0:56:16]} 16. Nc4 { [%clk
1:00:11]} 16... Nd7 {[%clk 0:53:26]} 17. Qc1 {[%clk 0:58:00]} 17... Nc5 { [%clk
0:45:30]} 18. Qa3 {[%clk 0:56:12]} 18... Bc6 {[%clk 0:41:13]} 19. Nb2 { [%clk
0:50:10]} 19... f5 {[%clk 0:35:35]} 20. f3 {[%clk 0:49:47]} 20... Qe8 { [%clk
0:34:02]} 21. d4 {[%clk 0:46:11]} 21... exd4 {[%clk 0:27:36]} 22. cxd4 { [%clk
0:46:34]} 22... Nd7 {[%clk 0:26:40]} 23. Ba6+ {[%clk 0:44:04]} 23... Bb7 {[%clk
0:26:31]} 24. Bxb7+ {[%clk 0:44:19]} 24... Kxb7 {[%clk 0:26:56]} 25. Nc4 {[%clk
0:44:38]} 25... Ka7 {[%clk 0:26:21]} 26. Qc3 {[%clk 0:43:56]} 26... Nc6 {[%clk
0:25:18]} 27. Na3 {[%clk 0:41:19]} 27... Kb7 {[%clk 0:21:36]} 28. d5 { [%clk
0:40:37]} 28... Na7 {[%clk 0:20:27]} 29. Nc4 {[%clk 0:40:03]} 29... fxe4 {[%clk
0:16:49]} 30. O-O {[%clk 0:39:56]} 30... Ka8 {[%clk 0:14:08]} 31. Rfe1 { [%clk
0:31:31]} 31... Nc5 {[%clk 0:10:53]} 32. Ra1 {[%clk 0:22:12]} 32... Rb8 { [%clk
0:06:44]} 33. fxe4 {[%clk 0:10:44]} 33... Nxa4 {[%clk 0:04:32]} 34. Qg7 { [%clk
0:10:29]} 34... Rb7 {[%clk 0:03:23]} 35. Rxa4 {[%clk 0:05:56]} 35... b5 { [%clk
0:01:03]} 36. Rxa5 {[%clk 0:06:01]} 36... bxc4 {[%clk 0:01:19]} 37. Rea1 {[%clk
0:05:13]} 37... Kb8 {[%clk 0:00:58]} 38. Qd4 {[%clk 0:03:47]} 38... Rf8 {[%clk
0:00:47]} 39. Rxa7 {[%clk 0:03:39]} 39... Rxa7 {[%clk 0:01:03]} 40. Qxa7+
{[%clk 0:03:59]} 40... Kc8 {[%clk 0:01:27]} 41. Qa8+ {[%clk 0:04:00]} 41... Kd7
{[%clk 0:01:49]} 42. Qc6+ {[%clk 0:04:15]} 1-0

[Event "DEM U16w 2019"]
[Site "Willingen GER"]
[Date "2019.06.13"]
[Round "7"]
[White "Rothenberg, Nina"]
[Black "Berelowitsch, Dana"]
[Result "1/2-1/2"]
[Termination "normal"]
[Board "3"]
[WhiteElo "1653"]
[BlackElo "1753"]
[WhiteClock "00:18:42"]
[BlackClock "00:17:16"]
[PlyCount "95"]
[WhiteFideId "16208943"]
[BlackFideId "12977144"]
[EventCountry "GER"]
[EventRounds "9"]
[EventType "swiss"]
[EventDate "2019.06.08"]

1. e4 {[%clk 1:30:58]} 1... c5 {[%clk 1:30:56]} 2. Nc3 {[%clk 1:31:25]} 2...
Nc6 {[%clk 1:31:02]} 3. g3 {[%clk 1:31:49]} 3... g6 {[%clk 1:31:05]} 4. Bg2 {
[%clk 1:32:13]} 4... Bg7 {[%clk 1:31:14]} 5. d3 {[%clk 1:32:34]} 5... e6 {
[%clk 1:30:54]} 6. Be3 {[%clk 1:32:59]} 6... d6 {[%clk 1:30:42]} 7. Qd2 { [%clk
1:33:15]} 7... Rb8 {[%clk 1:30:26]} 8. Nge2 {[%clk 1:32:19]} 8... Nd4 { [%clk
1:30:22]} 9. Nc1 {[%clk 1:30:29]} 9... Ne7 {[%clk 1:29:58]} 10. O-O { [%clk
1:28:23]} 10... O-O {[%clk 1:30:00]} 11. Nd1 {[%clk 1:27:15]} 11... e5 { [%clk
1:17:27]} 12. c3 {[%clk 1:21:46]} 12... Ndc6 {[%clk 1:16:03]} 13. Bh6 { [%clk
1:22:04]} 13... Bxh6 {[%clk 1:15:17]} 14. Qxh6 {[%clk 1:18:58]} 14... Be6
{[%clk 1:12:49]} 15. Qd2 15... b5 {[%clk 1:11:58]} 16. Ne2 {[%clk 1:16:29]}
16... Qb6 {[%clk 1:06:42]} 17. Kh1 Kg7 18. f4 {[%clk 1:09:46]} 18... f5 { [%clk
1:06:01]} 19. Ne3 {[%clk 1:05:26]} 19... a5 {[%clk 0:56:11]} 20. fxe5 { [%clk
0:45:42]} 20... dxe5 {[%clk 0:48:04]} 21. Nd5 {[%clk 0:40:03]} 21... Qa7 {[%clk
0:48:04]} 22. Nxe7 {[%clk 0:40:03]} 22... Nxe7 {[%clk 0:41:50]} 23. Qe3 {[%clk
0:38:20]} 23... Qc7 24. d4 24... cxd4 {[%clk 0:39:52]} 25. cxd4 { [%clk
0:33:59]} 25... exd4 {[%clk 0:31:45]} 26. Nxd4 {[%clk 0:32:01]} 26... Qe5
{[%clk 0:21:57]} 27. Nxe6+ {[%clk 0:30:24]} 27... Qxe6 {[%clk 0:21:37]} 28.
Qc3+ {[%clk 0:27:20]} 28... Kg8 {[%clk 0:11:29]} 29. exf5 29... Nxf5 { [%clk
0:10:17]} 30. Qxa5 {[%clk 0:18:47]} 30... Ne3 {[%clk 0:07:21]} 31. Rxf8+ {[%clk
0:17:18]} 31... Rxf8 {[%clk 0:06:27]} 32. Re1 {[%clk 0:12:39]} 32... Qc4 {[%clk
0:03:08]} 33. Qc3 {[%clk 0:10:18]} 33... Qxc3 {[%clk 0:03:03]} 34. bxc3 {[%clk
0:10:42]} 34... Nxg2 {[%clk 0:02:18]} 35. Kxg2 {[%clk 0:11:05]} 35... Ra8
{[%clk 0:01:56]} 36. Re2 {[%clk 0:08:47]} 36... Ra3 {[%clk 0:01:36]} 37. Rc2
{[%clk 0:09:00]} 37... Kf7 {[%clk 0:01:45]} 38. Kh3 {[%clk 0:08:47]} 38... Kf6
{[%clk 0:01:26]} 39. Kg4 {[%clk 0:05:51]} 39... h6 {[%clk 0:01:08]} 40. Kf4
{[%clk 0:05:00]} 40... Ke6 {[%clk 0:01:03]} 41. Ke4 {[%clk 0:02:25]} 41... Kd6
{[%clk 0:29:15]} 42. Kd4 {[%clk 0:29:16]} 42... Ra4+ {[%clk 0:27:42]} 43. Kd3 {
[%clk 0:29:23]} 43... Ra3 {[%clk 0:27:22]} 44. Rf2 {[%clk 0:24:13]} 44... Kd5 {
[%clk 0:18:25]} 45. h4 {[%clk 0:21:48]} 45... b4 {[%clk 0:17:56]} 46. Rc2 {
[%clk 0:18:11]} 46... bxc3 {[%clk 0:17:01]} 47. Rxc3 {[%clk 0:18:33]} 47...
Rxa2 {[%clk 0:17:16]} 48. Ke3 {[%clk 0:18:42]} 1/2-1/2